[Event "Collado Villalba op 39th"]
[Site "Collado Villalba"]
[Date "2022.08.21"]
[Round "2"]
[White "Rubio Mejia, Luis Ignacio"]
[Black "Erice Alonso, Santiago"]
[Result "1/2-1/2"]
[WhiteElo "2402"]
[BlackElo "1961"]
[PlyCount "128"]
[EventDate "2022.08.20"]
[EventType "swiss"]
[EventRounds "9"]
[EventCountry "ESP"]
[SourceTitle "EXT 2023"]
[Source "ChessBase"]
[SourceDate "2022.10.05"]
[SourceVersion "1"]
[SourceVersionDate "2022.10.05"]
[SourceQuality "1"]

1. d4 d5 2. c4 e6 3. Nc3 c5 4. cxd5 exd5 5. Nf3 Nc6 6. g3 Nf6 7. Bg2 Be7 8. 0-0 0-0 9. Bg5 cxd4 10. Nxd4 h6 11. Be3 Bg4 12. h3 Be6 13. Rc1 Qd7 14. Kh2 Rfe8 15. Nxc6 bxc6 16. Na4 Rab8 17. Bc5 Bd8 18. Bd4 Be7 19. b3 Bf5 20. Nc5 Qc8 21. e3 Nd7 22. Qd2 Nxc5 23. Bxc5 Bxc5 24. Rxc5 Qa6 25. Rfc1 Rb6 26. Bf1 Qb7 27. Qc3 Bd7 28. Bd3 Qc8 29. h4 Bf5 30. Bf1 Bd7 31. Kg1 Qd8 32. b4 Qb8 33. a3 Re7 34. Bd3 Qd6 35. Qd4 Qb8 36. R1c3 Be8 37. e4 dxe4 38. Bxe4 Rd7 39. Qe3 Rd6 40. Bd3 Re6 41. Qf3 Qd6 42. Bf5 Re1+ 43. Kg2 Qd1 44. Qxd1 Rxd1 45. Rd3 Rxd3 46. Bxd3 Kf8 47. Kf3 Bd7 48. Ke3 Ke7 49. Kd4 Kd6 50. Ra5 Rb7 51. Be4 f6 52. Ra6 Kc7 53. Kc4 Kd6 54. Kc3 Kc7 55. h5 Kd6 56. Bf3 Rc7 57. Kd4 Bc8 58. Ra5 Bd7 59. Rc5 Be8 60. Kc3 Bd7 61. Be4 Be6 62. Kd4 Bd7 63. Ra5 Bc8 64. Bf3 Bd7 1/2-1/2

[Event "Collado Villalba op-A 32nd"]
[Site "Collado Villalba"]
[Date "2015.08.25"]
[Round "4"]
[White "Erice Alonso, Santiago"]
[Black "Aranda Marin, Cristian"]
[Result "0-1"]
[WhiteElo "2013"]
[BlackElo "2368"]
[PlyCount "90"]
[EventDate "2015.08.22"]
[EventType "swiss"]
[EventRounds "9"]
[EventCountry "ESP"]
[SourceTitle "EXT 2016"]
[Source "ChessBase"]
[SourceDate "2015.10.08"]
[SourceVersion "1"]
[SourceVersionDate "2015.10.08"]
[SourceQuality "1"]

1. e4 d6 2. c4 c5 3. Nc3 Nf6 4. g3 Nc6 5. Bg2 g6 6. Nge2 Bg7 7. 0-0 Bd7 8. h3 h5 9. d3 Qc8 10. h4 Bh3 11. Nd5 Bxg2 12. Kxg2 Ng4 13. Rb1 e6 14. Ne3 Nce5 15. f3 Nxe3+ 16. Bxe3 Qc6 17. Qc2 Rc8 18. Bf4 0-0 19. b3 Rfd8 20. Nc3 a6 21. Kh2 b5 22. Rbe1 Qb7 23. Bxe5 dxe5 24. Nd1 Qd7 25. Nf2 Bh6 26. Qe2 Qd4 27. Kg2 Rc7 28. Rb1 Rcd7 29. Rfe1 Qc3 30. Qb2 b4 31. Re2 a5 32. a4 Rxd3 33. Nxd3 Rxd3 34. Rc2 Qd4 35. Qxd4 exd4 36. f4 e5 37. fxe5 Bg7 38. e6 f6 39. Re2 Kf8 40. e5 f5 41. g4 hxg4 42. h5 f4 43. Rf2 f3+ 44. Kg3 gxh5 45. Kf4 Re3 0-1

[Event "Collado Villalba op-A 32nd"]
[Site "Collado Villalba"]
[Date "2015.08.22"]
[Round "1"]
[White "Laveda Ayllon, Jose David"]
[Black "Erice Alonso, Santiago"]
[Result "0-1"]
[WhiteElo "1695"]
[BlackElo "2013"]
[PlyCount "52"]
[EventDate "2015.08.22"]
[EventType "swiss"]
[EventRounds "9"]
[EventCountry "ESP"]
[SourceTitle "EXT 2016"]
[Source "ChessBase"]
[SourceDate "2015.10.08"]
[SourceVersion "1"]
[SourceVersionDate "2015.10.08"]
[SourceQuality "1"]

1. d4 d5 2. c4 c6 3. Nf3 Nf6 4. Nc3 dxc4 5. a4 Bf5 6. Ne5 e6 7. Nxc4 Nbd7 8. f3 Bb4 9. e4 Bg6 10. Bg5 Qc7 11. Qc1 0-0 12. Bf4 Qd8 13. Be2 Nb6 14. Be3 Nxc4 15. Bxc4 c5 16. dxc5 Qc7 17. b3 Qe5 18. Bd2 Rad8 19. f4 Qd4 20. Ra2 Nxe4 21. Nxe4 Qxe4+ 22. Kf2 Rxd2+ 23. Rxd2 Qxf4+ 24. Ke2 Bh5+ 25. Ke1 Rd8 26. Bd3 Rxd3 0-1

[Event "San Sebastian op 38th"]
[Site "San Sebastian"]
[Date "2015.03.29"]
[Round "3"]
[White "Sanchez Botella, Luis Javier"]
[Black "Erice Alonso, Santiago"]
[Result "1-0"]
[WhiteElo "2259"]
[BlackElo "1999"]
[PlyCount "77"]
[EventDate "2015.03.28"]
[EventType "swiss"]
[EventRounds "9"]
[EventCountry "ESP"]
[SourceTitle "CBM 165 Extra"]
[Source "ChessBase"]
[SourceDate "2015.04.21"]
[SourceVersion "1"]
[SourceVersionDate "2015.04.21"]
[SourceQuality "1"]

1. Nf3 c5 2. g3 Nc6 3. Bg2 g6 4. 0-0 Bg7 5. c4 e5 6. Nc3 Nge7 7. d3 0-0 8. a3 d6 9. Rb1 Bg4 10. h3 Be6 11. b4 Rb8 12. Ng5 Bf5 13. b5 Na5 14. Bd2 h6 15. Nf3 b6 16. Ne1 Qd7 17. Kh2 Nb7 18. Nc2 Be6 19. Ne3 f5 20. Ned5 Nd8 21. a4 Nxd5 22. Nxd5 Nb7 23. f4 Kh7 24. e3 Rf7 25. Qc2 Rbf8 26. Bf3 Qd8 27. Bc3 Bxd5 28. Bxd5 Re7 29. Qg2 Qc7 30. Rg1 Nd8 31. g4 exf4 32. gxf5 g5 33. Bxg7 Rxg7 34. exf4 gxf4 35. Qe4 Re7 36. Qxf4 Re2+ 37. Kh1 Rf6 38. Be4 Rxe4 39. dxe4 1-0

[Event "Collado Villalba op 30th"]
[Site "Collado Villalba"]
[Date "2013.08.27"]
[Round "5"]
[White "Erice Alonso, Santiago"]
[Black "Alvarez Carbajales, Fermin"]
[Result "1-0"]
[WhiteElo "2042"]
[BlackElo "1946"]
[PlyCount "103"]
[EventDate "2013.08.23"]
[EventType "swiss"]
[EventRounds "9"]
[EventCountry "ESP"]
[SourceTitle "CBM 156 Extra"]
[Source "ChessBase"]
[SourceDate "2013.10.22"]
[SourceVersion "1"]
[SourceVersionDate "2013.10.22"]
[SourceQuality "1"]

1. c4 e5 2. g3 Nc6 3. Bg2 g6 4. Nc3 Bg7 5. e4 d6 6. Nge2 Be6 7. d3 Qd7 8. Nd5 Nd4 9. Nxd4 exd4 10. 0-0 0-0-0 11. Nf4 h5 12. Nxe6 fxe6 13. b4 Bh6 14. a4 Bxc1 15. Rxc1 e5 16. c5 h4 17. b5 dxc5 18. Rxc5 Qd6 19. Qg4+ Kb8 20. Rfc1 Nh6 21. Qxh4 Nf7 22. Qg4 Nh6 23. Qg5 Nf7 24. Qd2 Rd7 25. a5 Nd8 26. h4 Rdh7 27. Qb4 b6 28. axb6 axb6 29. R5c4 Nb7 30. Qd2 Nc5 31. Rb1 Kb7 32. Rc2 Ra8 33. Ra2 Rhh8 34. Rbb2 Qd7 35. Rxa8 Rxa8 36. f4 Ra3 37. f5 Rxd3 38. Qg5 Rd1+ 39. Kh2 d3 40. fxg6 Qd4 41. Ra2 Ne6 42. Qe7 Qg1+ 43. Kh3 Nf4+ 44. Kg4 Ra1 45. Rxa1 Qxa1 46. gxf4 d2 47. Bf3 d1Q 48. Bxd1 Qxd1+ 49. Kg5 exf4 50. Kxf4 Qf1+ 51. Kg5 Qxb5+ 52. Kh6 1-0

[Event "Collado Villalba op 30th"]
[Site "Collado Villalba"]
[Date "2013.08.23"]
[Round "1"]
[White "Cabrera Jimenez, Julio"]
[Black "Erice Alonso, Santiago"]
[Result "1-0"]
[WhiteElo "1854"]
[BlackElo "2042"]
[PlyCount "104"]
[EventDate "2013.08.23"]
[EventType "swiss"]
[EventRounds "9"]
[EventCountry "ESP"]
[SourceTitle "CBM 156 Extra"]
[Source "ChessBase"]
[SourceDate "2013.10.22"]
[SourceVersion "1"]
[SourceVersionDate "2013.10.22"]
[SourceQuality "1"]

1. e4 c5 2. Nf3 Nc6 3. d4 cxd4 4. Nxd4 g6 5. Nc3 Bg7 6. Be3 Nf6 7. Bc4 0-0 8. Bb3 a5 9. f3 d5 10. exd5 Nb4 11. Qd2 Nfxd5 12. Nxd5 Nxd5 13. Bg5 a4 14. Bxd5 Qxd5 15. c3 e5 16. Nc2 Be6 17. Nb4 Qxd2+ 18. Bxd2 Rfd8 19. Be3 a3 20. Bc1 axb2 21. Bxb2 Rd7 22. Rf1 Bc4 23. Rf2 Rad8 24. Nc2 Bh6 25. Na3 Bxa2 26. Re2 Bb3 27. Kf1 Rd2 28. Rae1 f6 29. Kf2 Bf8 30. Kg3 Be6 31. Nb1 Rxe2 32. Rxe2 Kf7 33. Nd2 b5 34. Ne4 Bc4 35. Re1 Rd7 36. Ra1 Be7 37. Ba3 Ra7 38. Bb2 Rxa1 39. Bxa1 Ke6 40. Bb2 f5 41. Nf2 Kd5 42. Nd1 Bc5 43. Bc1 f4+ 44. Kg4 Be2 45. Nb2 Be3 46. Bxe3 fxe3 47. Kg3 e4 48. Kf4 Bxf3 49. gxf3 e2 50. fxe4+ Kc5 51. Nd3+ Kc4 52. Ke3 Kxc3 1-0

[Event "Collado Villalba op-A 29th"]
[Site "Collado Villalba"]
[Date "2012.08.30"]
[Round "7"]
[White "Lopez Ziegler, Carlos"]
[Black "Erice Alonso, Santiago"]
[Result "0-1"]
[WhiteElo "1918"]
[BlackElo "2011"]
[PlyCount "86"]
[EventDate "2012.08.24"]
[EventType "swiss"]
[EventRounds "9"]
[EventCountry "ESP"]
[SourceTitle "CBM 150 Extra"]
[Source "ChessBase"]
[SourceDate "2012.10.19"]
[SourceVersion "1"]
[SourceVersionDate "2012.10.19"]
[SourceQuality "1"]

1. e4 c5 2. Nf3 d6 3. Nc3 Nf6 4. d4 cxd4 5. Nxd4 e5 6. Nb3 Nc6 7. Bg5 Be7 8. Qd2 h6 9. Bxf6 Bxf6 10. Nd5 Bg5 11. Qd3 0-0 12. g3 Be6 13. h4 Be7 14. 0-0-0 Rc8 15. a3 a6 16. c3 Re8 17. Na1 Bf8 18. Nc2 Na5 19. Nce3 Nb3+ 20. Kb1 Nc5 21. Qc2 b5 22. Be2 Rb8 23. g4 g6 24. g5 hxg5 25. hxg5 Qxg5 26. Rdg1 Qd8 27. Bg4 Bg7 28. f3 Nd7 29. Nf5 Bxd5 30. Nxg7 Kxg7 31. Qd2 Rh8 32. Bxd7 Bxe4+ 33. fxe4 Qxd7 34. Rd1 Rxh1 35. Rxh1 Rh8 36. Rd1 Qg4 37. Qxd6 Qxe4+ 38. Ka1 Qe2 39. Qd5 Rh2 40. Qb3 Rf2 41. Rh1 g5 42. Qb4 g4 43. a4 Rf1+ 0-1

[Event "Collado Villalba op-A 29th"]
[Site "Collado Villalba"]
[Date "2012.08.28"]
[Round "5"]
[White "Estrada Martinez, Cesar"]
[Black "Erice Alonso, Santiago"]
[Result "1-0"]
[WhiteElo "2111"]
[BlackElo "2011"]
[PlyCount "85"]
[EventDate "2012.08.24"]
[EventType "swiss"]
[EventRounds "9"]
[EventCountry "ESP"]
[SourceTitle "CBM 150 Extra"]
[Source "ChessBase"]
[SourceDate "2012.10.19"]
[SourceVersion "1"]
[SourceVersionDate "2012.10.19"]
[SourceQuality "1"]

1. Nf3 d5 2. c4 c6 3. e3 Nf6 4. d4 Bf5 5. Nc3 e6 6. Be2 h6 7. 0-0 Be7 8. b3 0-0 9. Bb2 Nbd7 10. Bd3 Bxd3 11. Qxd3 Qa5 12. a3 a6 13. b4 Qd8 14. c5 Qc7 15. Qc2 Rfe8 16. Rfd1 Bf8 17. h3 g6 18. Ne5 Bg7 19. f4 h5 20. a4 Rec8 21. e4 Nxe5 22. dxe5 Nxe4 23. Nxe4 dxe4 24. Qxe4 Rd8 25. Rd6 Rxd6 26. exd6 Qd7 27. Bxg7 Kxg7 28. Rb1 Rc8 29. Rb3 f6 30. Rg3 Qf7 31. f5 exf5 32. Qxf5 Rd8 33. Qxh5 f5 34. Qg5 Qf6 35. Qxf6+ Kxf6 36. Re3 Rd7 37. Kf2 Rh7 38. Kf3 Rd7 39. h4 Rh7 40. g3 Rd7 41. Kf4 Rh7 42. Re8 Rd7 43. Rc8 1-0

[Event "Collado Villalba op-A 29th"]
[Site "Collado Villalba"]
[Date "2012.08.26"]
[Round "3"]
[White "Serrano Martinez, Francisco Jose"]
[Black "Erice Alonso, Santiago"]
[Result "1/2-1/2"]
[WhiteElo "1958"]
[BlackElo "2011"]
[PlyCount "35"]
[EventDate "2012.08.24"]
[EventType "swiss"]
[EventRounds "9"]
[EventCountry "ESP"]
[SourceTitle "CBM 150 Extra"]
[Source "ChessBase"]
[SourceDate "2012.10.19"]
[SourceVersion "1"]
[SourceVersionDate "2012.10.19"]
[SourceQuality "1"]

1. e4 c5 2. d4 cxd4 3. c3 d3 4. Bxd3 g6 5. c4 Bg7 6. Nc3 Nc6 7. Nf3 d6 8. h3 Nf6 9. Be3 0-0 10. Rc1 b6 11. 0-0 Bb7 12. Qd2 Nd7 13. Bh6 Nc5 14. Bb1 Rc8 15. Bxg7 Kxg7 16. b3 Ne5 17. Nd4 Nc6 18. Nf3 1/2-1/2

[Event "Collado Villalba op-A 29th"]
[Site "Collado Villalba"]
[Date "2012.08.24"]
[Round "1"]
[White "Arribas Lopez, Angel"]
[Black "Erice Alonso, Santiago"]
[Result "1-0"]
[WhiteElo "2467"]
[BlackElo "2011"]
[PlyCount "79"]
[EventDate "2012.08.24"]
[EventType "swiss"]
[EventRounds "9"]
[EventCountry "ESP"]
[SourceTitle "CBM 150 Extra"]
[Source "ChessBase"]
[SourceDate "2012.10.19"]
[SourceVersion "1"]
[SourceVersionDate "2012.10.19"]
[SourceQuality "1"]

1. e4 c5 2. Ne2 d6 3. Nbc3 Nf6 4. g3 Nc6 5. Bg2 e6 6. d4 cxd4 7. Nxd4 Be7 8. Nxc6 bxc6 9. e5 Nd5 10. exd6 Qxd6 11. Ne4 Qc7 12. c4 Nf6 13. Bf4 e5 14. Nxf6+ Bxf6 15. Be3 0-0 16. 0-0 Be6 17. Qa4 Rab8 18. b3 c5 19. Bd5 Rfe8 20. Rac1 Bd7 21. Qa3 Rb4 22. Rfd1 Be7 23. Bd2 Rbb8 24. Ba5 Qc8 25. Bc3 Bg5 26. Qxa7 Be6 27. Bd2 Be7 28. Bg2 f5 29. Qa3 Qc7 30. Bc3 Bf6 31. Bd5 f4 32. Bxe6+ Rxe6 33. Rd5 f3 34. Qxc5 Qf7 35. Qe3 Qh5 36. Qe4 Rf8 37. h4 g5 38. Qf5 Ra6 39. Rd7 Qh6 40. Bd2 1-0

[Event "Tres Cantos op 4th"]
[Site "Tres Cantos"]
[Date "2012.06.29"]
[Round "9"]
[White "Erice Alonso, Santiago"]
[Black "Rausis, Igors"]
[Result "0-1"]
[WhiteElo "2010"]
[BlackElo "2514"]
[PlyCount "76"]
[EventDate "2012.06.21"]
[EventType "swiss"]
[EventRounds "9"]
[EventCountry "ESP"]
[SourceTitle "CBM 149 Extra"]
[Source "ChessBase"]
[SourceDate "2012.08.24"]
[SourceVersion "1"]
[SourceVersionDate "2012.08.24"]
[SourceQuality "1"]

1. e4 d6 2. c4 c5 3. Nc3 Nc6 4. Nge2 Nd4 5. Nxd4 cxd4 6. Nd5 e6 7. Nf4 Ne7 8. g3 g6 9. Bg2 Bg7 10. 0-0 0-0 11. d3 a5 12. b3 Bd7 13. Bb2 Rc8 14. a3 b5 15. a4 b4 16. Ra2 Nc6 17. Kh1 Nb8 18. Ne2 e5 19. Bc1 Na6 20. Ng1 Nc5 21. f4 f5 22. Raf2 fxe4 23. Bxe4 Nxe4 24. dxe4 Bc6 25. Qd3 Qe7 26. Re1 Rce8 27. Rfe2 Qb7 28. Nf3 Re7 29. fxe5 dxe5 30. Kg1 h6 31. Nd2 Ref7 32. Rf1 Rxf1+ 33. Nxf1 Qc8 34. Rf2 Rxf2 35. Kxf2 Qg4 36. Nd2 Qd1 37. Qf1 Qc2 38. Qe1 h5 0-1

[Event "Tres Cantos op 4th"]
[Site "Tres Cantos"]
[Date "2012.06.28"]
[Round "8"]
[White "Gomez Celdran, Francisco Miquel"]
[Black "Erice Alonso, Santiago"]
[Result "0-1"]
[WhiteElo "1965"]
[BlackElo "2010"]
[PlyCount "66"]
[EventDate "2012.06.21"]
[EventType "swiss"]
[EventRounds "9"]
[EventCountry "ESP"]
[SourceTitle "CBM 149 Extra"]
[Source "ChessBase"]
[SourceDate "2012.08.24"]
[SourceVersion "1"]
[SourceVersionDate "2012.08.24"]
[SourceQuality "1"]

1. Nf3 d5 2. g3 f5 3. Bg2 Nf6 4. d4 e6 5. Bg5 Nbd7 6. Nbd2 Bd6 7. c4 c6 8. Qc2 0-0 9. 0-0 Qe8 10. Bxf6 Rxf6 11. e3 Rh6 12. cxd5 cxd5 13. Ng5 Nf6 14. f4 Ng4 15. Rfe1 Nxh2 16. Ndf3 Nxf3+ 17. Bxf3 Bd7 18. Rac1 Rf6 19. Bg2 Qe7 20. Kf2 h6 21. Nf3 Rff8 22. Ne5 Bxe5 23. dxe5 Rfc8 24. Qb3 Rxc1 25. Rxc1 Rc8 26. Rxc8+ Bxc8 27. Qb5 Kf7 28. Bf3 Qc7 29. Qa4 a6 30. Kf1 Bd7 31. Qd4 Bb5+ 32. Be2 Qc1+ 33. Kf2 Qc2 0-1

[Event "Collado Villalba op 28th"]
[Site "Collado Villalba"]
[Date "2011.08.27"]
[Round "5"]
[White "Prieto Martin, Alfonso"]
[Black "Erice Alonso, Santiago"]
[Result "1-0"]
[WhiteElo "2167"]
[BlackElo "2043"]
[PlyCount "111"]
[EventDate "2011.08.23"]
[EventType "swiss"]
[EventRounds "9"]
[EventCountry "ESP"]
[SourceTitle "CBM 144 Extra"]
[Source "ChessBase"]
[SourceDate "2011.10.28"]
[SourceVersion "1"]
[SourceVersionDate "2011.10.28"]
[SourceQuality "1"]

1. c4 e5 2. Nc3 Nf6 3. Nf3 Nc6 4. d4 exd4 5. Nxd4 Bb4 6. Bg5 0-0 7. e3 h6 8. Bh4 Re8 9. Be2 Ne5 10. Qb3 Bxc3+ 11. Qxc3 Ng6 12. Bg3 Ne4 13. Qc2 c5 14. Nb3 d5 15. 0-0-0 d4 16. exd4 Qg5+ 17. Kb1 Nf4 18. Bxf4 Qxf4 19. Bd3 cxd4 20. g3 Qf6 21. Rhe1 Nd6 22. Rxe8+ Nxe8 23. Nxd4 Bg4 24. f3 Bxf3 25. Nxf3 Qxf3 26. Be4 Qf6 27. Bxb7 Rb8 28. Bd5 Nd6 29. a3 a5 30. Rd3 Kh8 31. Rb3 Qf1+ 32. Ka2 Rf8 33. c5 Rc8 34. cxd6 Rxc2 35. d7 Rc1 36. d8Q+ Kh7 37. Be4+ f5 38. Bxf5+ Qxf5 39. Qd3 Rc5 40. Qxf5+ Rxf5 41. a4 Rf2 42. h3 Rh2 43. h4 Rg2 44. Rb5 Rxg3 45. Rxa5 g5 46. hxg5 hxg5 47. Re5 Kg6 48. a5 Rf3 49. a6 Rf7 50. b4 g4 51. b5 g3 52. Re3 Rf2+ 53. Kb3 g2 54. Rg3+ Kh5 55. Rxg2 Rxg2 56. a7 1-0

[Event "Collado Villalba op-A 27th"]
[Site "Collado Villalba"]
[Date "2010.08.27"]
[Round "8"]
[White "Pastor Alonso de Prado, Emilio Alberto"]
[Black "Erice Alonso, Santiago"]
[Result "1-0"]
[WhiteElo "2195"]
[BlackElo "2060"]
[PlyCount "75"]
[EventDate "2010.08.20"]
[EventType "swiss"]
[EventRounds "10"]
[EventCountry "ESP"]
[SourceTitle "CBM 138 Extra"]
[Source "ChessBase"]
[SourceDate "2010.10.29"]
[SourceVersion "1"]
[SourceVersionDate "2010.10.29"]
[SourceQuality "1"]

1. e4 c5 2. Nf3 d6 3. c3 Nf6 4. h3 Nc6 5. Bd3 g6 6. 0-0 Bg7 7. Re1 0-0 8. Bf1 a6 9. d4 cxd4 10. cxd4 d5 11. e5 Ne8 12. Nc3 Nc7 13. Qb3 Rb8 14. Bd2 Bf5 15. Rad1 Kh8 16. Bf4 b5 17. g4 Be6 18. Ng5 Qd7 19. Ne2 h6 20. Nxe6 Nxe6 21. Be3 Rfd8 22. Bg2 Rbc8 23. f4 Na5 24. Qd3 Nc4 25. Bc1 Nf8 26. b3 Nb6 27. Bd2 e6 28. Ng3 Rc6 29. Rf1 f5 30. exf6 Bxf6 31. g5 Bg7 32. gxh6 Bxh6 33. f5 Bxd2 34. fxe6 Rxe6 35. Rxd2 Qg7 36. Rdf2 Nfd7 37. Rf7 Qh6 38. R1f4 1-0

[Event "Collado Villalba op-A 25th"]
[Site "Collado Villalba"]
[Date "2008.08.23"]
[Round "2"]
[White "Castellanos Rodriguez, Renier"]
[Black "Erice Alonso, Santiago"]
[Result "1-0"]
[WhiteElo "2471"]
[BlackElo "2115"]
[PlyCount "59"]
[EventDate "2008.08.22"]
[EventType "swiss"]
[EventRounds "9"]
[EventCountry "ESP"]
[SourceTitle "CBM 126 Extra"]
[Source "ChessBase"]
[SourceDate "2008.11.05"]
[SourceVersion "1"]
[SourceVersionDate "2008.11.05"]
[SourceQuality "1"]

1. e4 c5 2. Nf3 Nc6 3. Bb5 g6 4. Bxc6 dxc6 5. d3 Bg7 6. h3 Nf6 7. Nc3 0-0 8. Bf4 Re8 9. Qd2 e5 10. Bh6 Qd6 11. 0-0-0 Be6 12. Kb1 Rad8 13. Bxg7 Kxg7 14. Qe3 b6 15. g4 Qe7 16. Ne2 Nd7 17. Rdg1 f6 18. h4 Nf8 19. b3 Bc8 20. g5 Ne6 21. h5 Nxg5 22. Nxg5 fxg5 23. Rxg5 Rd6 24. hxg6 Rxg6 25. Rxg6+ hxg6 26. Qh6+ Kf7 27. f4 Bg4 28. Rg1 Bh5 29. Ng3 exf4 30. Nxh5 1-0

[Event "Collado Villalba op 24th"]
[Site "Collado Villalba"]
[Date "2007.08.23"]
[Round "1"]
[White "Benito Alba, Eladio"]
[Black "Erice Alonso, Santiago"]
[Result "0-1"]
[WhiteElo "1873"]
[BlackElo "2131"]
[PlyCount "46"]
[EventDate "2007.08.23"]
[EventType "swiss"]
[EventRounds "9"]
[EventCountry "ESP"]
[SourceTitle "EXT 2008"]
[Source "ChessBase"]
[SourceDate "2007.11.25"]
[SourceVersion "1"]
[SourceVersionDate "2007.11.25"]
[SourceQuality "1"]

1. d4 d5 2. c4 c6 3. Nf3 Nf6 4. Nc3 dxc4 5. a4 Bf5 6. e3 e6 7. Bxc4 Bb4 8. 0-0 Nbd7 9. Qe2 Bg6 10. Na2 Bd6 11. Nc3 0-0 12. e4 e5 13. Bg5 exd4 14. Nxd4 Re8 15. f3 h6 16. Bh4 Qc7 17. g4 Bc5 18. Bf2 Ne5 19. Rad1 Rad8 20. Ba2 Qb6 21. Nb3 Bxf2+ 22. Rxf2 Rxd1+ 23. Nxd1 Nexg4 0-1